000 00320nam a2200133 i 4500
001 bg
245 0 _aMały słownik techniczny niemiecko-polski i polsko-niemiecki.
250 _aWyd.3 popr.
260 _aWarszawa,
_c1975.
040 _cBPK
041 _apol
942 _cKS
008 s pl f |000 0 pol
999 _c7716
_d7716
856 _uhttp://koha.tu.koszalin.pl/cgi-bin/koha/opac-detail.pl?biblionumber=7716
_yKatalog online BPK